Mapping the nation : (Record no. 10500)

MARC details
000 -LEADER
fixed length control field 00376nam a2200157 4500
001 - CONTROL NUMBER
control field 4507
005 - DATE AND TIME OF LATEST TRANSACTION
control field 20250902135816.0
008 - FIXED-LENGTH DATA ELEMENTS--GENERAL INFORMATION
fixed length control field 250902b |||||||| |||| 00| 0 eng d
020 00 - INTERNATIONAL STANDARD BOOK NUMBER
International Standard Book Number 9781844676507
022 ## - INTERNATIONAL STANDARD SERIAL NUMBER
International Standard Serial Number 9781844676507
090 00 - LOCALLY ASSIGNED LC-TYPE CALL NUMBER (OCLC); LOCAL CALL NUMBER (RLIN)
Classification number (OCLC) (R) ; Classification number, CALL (RLIN) (NR) 526.02
245 00 - TITLE STATEMENT
Title Mapping the nation :
260 00 - PUBLICATION, DISTRIBUTION, ETC.
Place of publication, distribution, etc. London :
Name of publisher, distributor, etc. New left review
Date of publication, distribution, etc. 2014.
300 00 - PHYSICAL DESCRIPTION
Extent vi 319 p.
942 ## - ADDED ENTRY ELEMENTS (KOHA)
Source of classification or shelving scheme Dewey Decimal Classification
Koha item type Main
Holdings
Withdrawn status Lost status Source of classification or shelving scheme Damaged status Not for loan Collection code Home library Current library Shelving location Date acquired Inventory number Total Checkouts Full call number Barcode Date last seen Price effective from Koha item type
    Dewey Decimal Classification     Main TEST RTC Library RTC Library Main opac 02/09/2025 19804   526.02 BAL 30021022 02/09/2025 02/09/2025 Main
Royal Thimphu College || All Right Reserved